000 00313nam a22001337a 4500
020 _aNA
082 _222
_a624.25
100 _aJagadeesh, T. R. and Jayaram, M. A.
245 _aDesign of bridge structures /
250 _a5th ed.
260 _bPrentice Hall,
_cc2006.
300 _a0
_bill. ;
942 _2ddc
_cCIVIL
999 _c4215
_d4215